<?xml version="1.0" encoding="UTF-8"?>
<record
    xmlns:xsi="http://www.w3.org/2001/XMLSchema-instance"
    xsi:schemaLocation="http://www.loc.gov/MARC21/slim http://www.loc.gov/standards/marcxml/schema/MARC21slim.xsd"
    xmlns="http://www.loc.gov/MARC21/slim">

  <leader>01182nam a22002297a 4500</leader>
  <controlfield tag="003">NALT</controlfield>
  <controlfield tag="005">20250317141051.0</controlfield>
  <controlfield tag="008">250130b        th ||||| |||| 00| 0 tha d</controlfield>
  <datafield tag="040" ind1=" " ind2=" ">
    <subfield code="a">NALT</subfield>
  </datafield>
  <datafield tag="100" ind1="0" ind2=" ">
    <subfield code="a">&#xE01;&#xE21;&#xE25;&#xE32; &#xE2A;&#xE32;&#xE04;&#xE23;&#xE21;&#xE13;&#xE35;&#xE17;&#xE23;&#xE31;&#xE1E;&#xE22;&#xE4C;.</subfield>
    <subfield code="9">38323</subfield>
  </datafield>
  <datafield tag="245" ind1="1" ind2="0">
    <subfield code="a">&#xE2B;&#xE19;&#xE31;&#xE07;&#xE2A;&#xE37;&#xE2D;&#xE21;&#xE19;&#xE38;&#xE29;&#xE22;&#xE4C; &#xE40;&#xE25;&#xE48;&#xE21;&#xE17;&#xE35;&#xE48; 33 &#xE23;&#xE39;&#xE49;&#xE2D;&#xE31;&#xE07;&#xE01;&#xE24;&#xE29;&#xE2D;&#xE35;&#xE01;&#xE19;&#xE34;&#xE14; &#xE0A;&#xE35;&#xE27;&#xE34;&#xE15;&#xE17;&#xE33;&#xE07;&#xE32;&#xE19;&#xE2A;&#xE20;&#xE32;&#xE01;&#xE47;&#xE07;&#xE48;&#xE32;&#xE22; /</subfield>
    <subfield code="c">&#xE01;&#xE21;&#xE25;&#xE32; &#xE2A;&#xE32;&#xE04;&#xE23;&#xE21;&#xE13;&#xE35;&#xE17;&#xE23;&#xE31;&#xE1E;&#xE22;&#xE4C;.</subfield>
  </datafield>
  <datafield tag="260" ind1=" " ind2=" ">
    <subfield code="a">&#xE01;&#xE23;&#xE38;&#xE07;&#xE40;&#xE17;&#xE1E;&#xE2F; :</subfield>
    <subfield code="b">&#xE2A;&#xE33;&#xE19;&#xE31;&#xE01;&#xE07;&#xE32;&#xE19;&#xE40;&#xE25;&#xE02;&#xE32;&#xE18;&#xE34;&#xE01;&#xE32;&#xE23;&#xE2A;&#xE20;&#xE32;&#xE1C;&#xE39;&#xE49;&#xE41;&#xE17;&#xE19;&#xE23;&#xE32;&#xE29;&#xE0E;&#xE23;,</subfield>
    <subfield code="c">2568.</subfield>
  </datafield>
  <datafield tag="306" ind1=" " ind2=" ">
    <subfield code="a">000807</subfield>
  </datafield>
  <datafield tag="650" ind1=" " ind2="4">
    <subfield code="a">&#xE20;&#xE32;&#xE29;&#xE32;&#xE2D;&#xE31;&#xE07;&#xE01;&#xE24;&#xE29; </subfield>
    <subfield code="x">&#xE01;&#xE32;&#xE23;&#xE43;&#xE0A;&#xE49;&#xE20;&#xE32;&#xE29;&#xE32;</subfield>
    <subfield code="9">12312</subfield>
  </datafield>
  <datafield tag="650" ind1=" " ind2="4">
    <subfield code="a">&#xE01;&#xE32;&#xE23;&#xE40;&#xE23;&#xE35;&#xE22;&#xE19;&#xE23;&#xE39;&#xE49;</subfield>
    <subfield code="9">4287</subfield>
  </datafield>
  <datafield tag="650" ind1=" " ind2="4">
    <subfield code="a">&#xE01;&#xE32;&#xE23;&#xE40;&#xE23;&#xE35;&#xE22;&#xE19;&#xE23;&#xE39;&#xE49;&#xE41;&#xE1A;&#xE1A;&#xE2A;&#xE37;&#xE1A;&#xE40;&#xE2A;&#xE32;&#xE30;&#xE2B;&#xE32;&#xE04;&#xE27;&#xE32;&#xE21;&#xE23;&#xE39;&#xE49;</subfield>
    <subfield code="9">65410</subfield>
  </datafield>
  <datafield tag="850" ind1=" " ind2=" ">
    <subfield code="a">NALT</subfield>
  </datafield>
  <datafield tag="856" ind1="4" ind2="0">
    <subfield code="u">https://library.parliament.go.th/th/taxonomy/term/475</subfield>
    <subfield code="y">Video Clip</subfield>
  </datafield>
  <datafield tag="856" ind1="4" ind2="0">
    <subfield code="u">https://youtu.be/T5_KjdlyLDE?si=I3r8Cu82IglE-6hA</subfield>
    <subfield code="y">View on YouTube</subfield>
  </datafield>
  <datafield tag="942" ind1=" " ind2=" ">
    <subfield code="2">local</subfield>
    <subfield code="c">HMB</subfield>
  </datafield>
  <datafield tag="996" ind1=" " ind2=" ">
    <subfield code="a">jamriang.p</subfield>
    <subfield code="b">CATSTF	</subfield>
    <subfield code="c">2025-01-30</subfield>
  </datafield>
  <datafield tag="999" ind1=" " ind2=" ">
    <subfield code="c">106268</subfield>
    <subfield code="d">106268</subfield>
  </datafield>
  <datafield tag="998" ind1=" " ind2=" ">
    <subfield code="j">1020</subfield>
    <subfield code="k"> &#xE19;&#xE32;&#xE07;&#xE08;&#xE33;&#xE40;&#xE23;&#xE35;&#xE22;&#xE07;  &#xE23;&#xE30;&#xE27;&#xE31;&#xE07;&#xE2A;&#xE33;&#xE42;&#xE23;&#xE07;</subfield>
  </datafield>
  <datafield tag="952" ind1=" " ind2=" ">
    <subfield code="0">0</subfield>
    <subfield code="1">0</subfield>
    <subfield code="2">local</subfield>
    <subfield code="4">0</subfield>
    <subfield code="7">0</subfield>
    <subfield code="8">CWEB</subfield>
    <subfield code="a">NALT</subfield>
    <subfield code="b">NALT</subfield>
    <subfield code="c">AV</subfield>
    <subfield code="d">2025-01-30</subfield>
    <subfield code="l">0</subfield>
    <subfield code="r">2025-01-30 00:00:00</subfield>
    <subfield code="w">2025-01-30</subfield>
    <subfield code="y">HMB</subfield>
    <subfield code="z">Click 'Play media' to view</subfield>
  </datafield>
</record>
